| 000 | 01499nam a22003374a 4500 | ||
|---|---|---|---|
| 001 | ebr10328815 | ||
| 003 | CaPaEBR | ||
| 006 | m u | ||
| 007 | cr cn||||||||| | ||
| 008 | 030807s2004 mau sb 001 0 eng | ||
| 020 | _z0674011899 (alk. paper) | ||
| 040 |
_aCaPaEBR _cCaPaEBR |
||
| 035 | _a(OCoLC)456245005 | ||
| 050 | 1 | 4 |
_aBR195.L42 _bS74 2004eb |
| 082 | 0 | 4 |
_a262/.12/09015 _222 |
| 100 | 1 | _aSterk, Andrea. | |
| 245 | 1 | 0 |
_aRenouncing the world yet leading the church _h[electronic resource] : _bthe monk-bishop in late antiquity / _cAndrea Sterk. |
| 260 |
_aCambridge, Mass. : _bHarvard University Press, _c2004. |
||
| 300 | _aviii, 360 p. | ||
| 504 | _aIncludes bibliographical references (p. 249-350) and index. | ||
| 533 |
_aElectronic reproduction. _bPalo Alto, Calif. : _cebrary, _d2013. _nAvailable via World Wide Web. _nAccess may be limited to ebrary affiliated libraries. |
||
| 600 | 0 | 0 |
_aBasil, _cSaint, Bishop of Caesarea, _dca. 329-379. |
| 600 | 0 | 0 |
_aGregory, _cof Nyssa, Saint, _dca. 335-ca. 394. |
| 600 | 0 | 0 |
_aGregory, _cof Nazianzus, Saint. |
| 600 | 0 | 0 |
_aJohn Chrysostom, _cSaint, _dd. 407. |
| 650 | 0 |
_aLeadership _xReligious aspects _xChristianity _xHistory of doctrines _yEarly church, ca. 30-600. |
|
| 650 | 0 |
_aAsceticism _xHistory _yEarly church, ca. 30-600. |
|
| 655 | 7 |
_aElectronic books. _2local |
|
| 710 | 2 | _aebrary, Inc. | |
| 856 | 4 | 0 |
_uhttp://site.ebrary.com/lib/rucke/Doc?id=10328815 _zAn electronic book accessible through the World Wide Web; click to view |
| 999 |
_c157440 _d157440 |
||